000 00475nam a2200157 i 4500
001 39742
003 ES-MaACL
005 20230906160054.0
007 t|
008 030304s1960 sp ||||1| spa d
100 1 _aCampo Jesús, Luis del.
_934215
245 1 0 _aSancho el Fuerte de Navarra /
_cLuis del Campo Jesús.
260 _aPamplona :
_b[s.n.,
_c1960] (
_fImp. La Acción Social)
300 _a467 p., 3 lám. :
_bil. ;
_c25 cm.
852 _aES-MaACL
_jC-19140
_bR.45269
999 _c39742
_d39742